Discographie actualisée de Luv Resval - Statistiques

Statistiques générales
  • Ce quiz a été pris 462 fois
  • Le résultat moyen est 47 sur 98
Statistiques - réponses
Mariah % Correct
2019 MPC
84%
8 Cette fille
81%
11 Tout s'en va
81%
Alkpote Célébration
79%
4 Mariah
79%
Freeze Corleone Crystal Lake
77%
15 Hadès
77%
1 BIG Brother
71%
1 Les Borgia
70%
7 MPC, Part II
69%
3 Hyrule
68%
2 Célébration 2
65%
12 Jamais revenue
65%
10 Athéna
63%
10 Flûte de pan
63%
5 20 ans
61%
16 Blue Ferrari
61%
6 Picsou
61%
7 AZNVR (Une minute de musique)
59%
6 Ballade Nocturne III
59%
2 Céleste
59%
7 Kurt
59%
Zefor Kurt
59%
4 Tatooine
58%
4 ¥2S n°4 : Katon
57%
18 Caramelo
57%
4 Armageddon
56%
17 Haze
54%
5 Super Saïyen 2
54%
5 Xan
54%
5 Beethoven
53%
1 Black Pearl
53%
12 Jeune Vador
53%
9 Les anges
53%
3 Super Saïyen 1
53%
9 Souvenir
52%
2020 696
51%
Lithium, Waxx, C.Cole FUCKED UP
51%
19 Jusqu'au lendemain
51%
Cabalerro & JeanJass Sonic
51%
8 France GALL
50%
13 La princesse et le crapaud
50%
11 Rosalia
50%
Diddi Trix Thor
50%
13 Faucon Millenium
49%
Savage Toddy Hood
49%
10 Souvenir lointain
48%
6 ¥2S n°6 : ZLM
47%
1 Luv de Vinci
47%
4 Un Viano à Venise
47%
2 Wallachia
47%
2 ¥2S n°2 : Ezio Auditore
46%
3 Bonaparte
46%
2 Dyrroth
46%
7 Chemin vers le ciel
45%
Bendo Morphée
45%
6 Vengeance
45%
14 Combo 696
44%
8 Hôtel California
43%
91 All Stars Shouga
42%
3 Space Cake
42%
1 ¥2S n°1 : Rocky
41%
5 ¥2S n°5 : Shadow
41%
Lujipeka Epilogue
41%
11 LV Rose
41%
2020 Smith & Wesson
41%
14 J'ai fait un rêve
40%
18 Lanvin
40%
16 Marley
40%
12 Nostalgie
40%
5 Rockstar
40%
2020 Side
40%
3 ¥2S n°3 : Vampire Rolls Royce
39%
9 Balade Nocturne, Part II
39%
20 Brique sur Brique
39%
Georgio Issue de secours
39%
17 Christian Dior
38%
Alkpote, Jok'air Draps en sang
38%
19 John Lennon
38%
21 Casino Royal 007
37%
2019 Joe Dalton
37%
14 Bentley
36%
2019 Judas
36%
6 Phone
34%
15 Triangle des Bermudes
34%
3 Dard velu
33%
4 Pellicule
32%
Savage Toddy Balanci
30%
13 Larmes de l'Étoile
30%
2021 Boosk'Anakin
29%
15 Brille comme une star
28%
2 Like Yeah
25%
1 Real Racks
25%
2019 Wall E
24%
2020 Skywalker (#TalentOKLM)
22%
2019 ¥11
21%
2020 Règlement Rouge Freestyle
20%
2019 Règlement Space #12
17%
Aucun quiz correspondant
Distribution des résultats
% des personnes avec chaque résultat
Percentile par nombre de réponses
Votre historique - résultats
Vous n’avez pas pris ce quiz